<?xml version="1.0" encoding="UTF-8"?>
<record
    xmlns:xsi="http://www.w3.org/2001/XMLSchema-instance"
    xsi:schemaLocation="http://www.loc.gov/MARC21/slim http://www.loc.gov/standards/marcxml/schema/MARC21slim.xsd"
    xmlns="http://www.loc.gov/MARC21/slim">

  <leader>03449cam a22004814i 4500</leader>
  <controlfield tag="003">PE-LiUPU</controlfield>
  <controlfield tag="005">20250731165413.0</controlfield>
  <controlfield tag="008">151123s2014    pe     grm    000 0 spa d</controlfield>
  <datafield tag="035" ind1=" " ind2=" ">
    <subfield code="a">(Sirsi) a155198</subfield>
  </datafield>
  <datafield tag="040" ind1=" " ind2=" ">
    <subfield code="a">PE-LiUPU</subfield>
    <subfield code="b">spa</subfield>
    <subfield code="c">PE-LiUPU</subfield>
    <subfield code="e">rda</subfield>
  </datafield>
  <datafield tag="082" ind1="0" ind2="4">
    <subfield code="a">228</subfield>
    <subfield code="b">J54 T4</subfield>
  </datafield>
  <datafield tag="099" ind1=" " ind2=" ">
    <subfield code="a">TT 4</subfield>
    <subfield code="b">J54 2014</subfield>
  </datafield>
  <datafield tag="100" ind1="1" ind2=" ">
    <subfield code="a">Jimenez Milla, Erik Ronald</subfield>
    <subfield code="e">autor</subfield>
  </datafield>
  <datafield tag="245" ind1="1" ind2="3">
    <subfield code="a">La identidad de "Babilonia la Grande" en el libro de Apocalipsis /</subfield>
    <subfield code="c">Erick Jim&#xE9;nez Milla.</subfield>
  </datafield>
  <datafield tag="264" ind1=" " ind2="0">
    <subfield code="c">2014.</subfield>
  </datafield>
  <datafield tag="300" ind1=" " ind2=" ">
    <subfield code="a">415 hojas </subfield>
    <subfield code="c">30 cm</subfield>
  </datafield>
  <datafield tag="336" ind1=" " ind2=" ">
    <subfield code="a">text</subfield>
    <subfield code="2">rdacontent</subfield>
  </datafield>
  <datafield tag="337" ind1=" " ind2=" ">
    <subfield code="a">unmediated</subfield>
    <subfield code="2">rdamedia</subfield>
  </datafield>
  <datafield tag="338" ind1=" " ind2=" ">
    <subfield code="a">volume</subfield>
    <subfield code="2">rdacarrier</subfield>
  </datafield>
  <datafield tag="502" ind1=" " ind2=" ">
    <subfield code="a">Tesis</subfield>
    <subfield code="b">(Dr.) -- </subfield>
    <subfield code="c">Universidad Peruana Uni&#xF3;n,</subfield>
    <subfield code="d">2014.</subfield>
  </datafield>
  <datafield tag="504" ind1=" " ind2=" ">
    <subfield code="a">Incluye bibliograf&#xED;a</subfield>
  </datafield>
  <datafield tag="520" ind1="3" ind2=" ">
    <subfield code="a">Por lo analizado hay una fuente tendencia a identificar a la mujer Babilonia con la misma identidad que la bestia. Concluyen que ambas figuras son representaciones alternativas de una misma entidad. En caso de que esto sea as&#xED;, &#xBF;por qu&#xE9;, aparentemente, son descritos como dos seres separados en Apocalipsis 17, adem&#xE1;s los diez cuernos y la bestia manifiestan odio a la ramera? Ante la diversidad de opiniones y conjeturas sobre la naturaleza de "Babilonia" registrada en Apocalipsis (14:8; 16:19, 17:5; 18:2,, 10; 18:2), es relevante examinar los comentarios que se han ofrecido al respecto, y contrastar cu&#xE1;l e la interpretaci&#xF3;n que armoniza mejor con el texto b&#xED;blico. Por esta raz&#xF3;n, la presente investigaci&#xF3;n intenta responder a la pregunta: &#xBF;Cu&#xE1;l es la identidad de "Babilonia la grande" en Apocalipsis?  El prop&#xF3;sito del estudio es realizar un an&#xE1;lisis exeg&#xE9;tico e hist&#xF3;rico de los textos de Apocalipsis que hablan sobre Babilonia, a fin de identificar a "Biblia la Grande". La metodolog&#xED;a parti&#xF3; de la ex&#xE9;gesis b&#xED;blica, estableciendo la traducci&#xF3;n del texto despu&#xE9;s del an&#xE1;lisis del aparato cr&#xED;tico. Se presenta una revisi&#xF3;n hist&#xF3;rica de la literatura de las interpretaciones de "Babilonia la grande" en Apocalipsis de las tres escuelas principales de interpretaci&#xF3;n (preterista, futurista e historicista), las cuales fueron contrastadas. Seguidamente, se analiz&#xF3; la estructura de Apocalipsis, b&#xE1;sicamente lo que ata&#xF1;e a los cap&#xED;tulos 16 y 19 en este libro, llegando a proponer o aceptar una estructura b&#xE1;sica para la compresi&#xF3;n de la per&#xED;copa se&#xF1;alada. Posteriormente, se recurre a un estudio intertextual entre el AT y el NT. Finalmente, despu&#xE9;s del an&#xE1;lisis exeg&#xE9;tico y sint&#xE1;ctico para el significado del texto y el uso del AT, se construye la teolog&#xED;a de los textos en estudio. Esto permite evidenciar que los textos b&#xED;blicos se interpretan dentro de su propio marco b&#xED;blico, y no en fuentes extra b&#xED;blicas. Esto significa respetar el principio de la iglesia apost&#xF3;lica y la reforma: "la Biblia es su propio int&#xE9;rprete".</subfield>
  </datafield>
  <datafield tag="526" ind1=" " ind2=" ">
    <subfield code="a">SEG44</subfield>
  </datafield>
  <datafield tag="526" ind1=" " ind2=" ">
    <subfield code="a">SEG26</subfield>
  </datafield>
  <datafield tag="526" ind1=" " ind2=" ">
    <subfield code="a">P151</subfield>
  </datafield>
  <datafield tag="526" ind1=" " ind2=" ">
    <subfield code="a">P150</subfield>
  </datafield>
  <datafield tag="526" ind1=" " ind2=" ">
    <subfield code="a">P149</subfield>
  </datafield>
  <datafield tag="526" ind1=" " ind2=" ">
    <subfield code="a">P146</subfield>
  </datafield>
  <datafield tag="526" ind1=" " ind2=" ">
    <subfield code="a">P145</subfield>
  </datafield>
  <datafield tag="526" ind1=" " ind2=" ">
    <subfield code="a">P126</subfield>
  </datafield>
  <datafield tag="526" ind1=" " ind2=" ">
    <subfield code="a">P125</subfield>
  </datafield>
  <datafield tag="526" ind1=" " ind2=" ">
    <subfield code="a">P92</subfield>
  </datafield>
  <datafield tag="526" ind1=" " ind2=" ">
    <subfield code="a">P75</subfield>
  </datafield>
  <datafield tag="526" ind1=" " ind2=" ">
    <subfield code="a">P74</subfield>
  </datafield>
  <datafield tag="526" ind1=" " ind2=" ">
    <subfield code="a">P27</subfield>
  </datafield>
  <datafield tag="526" ind1=" " ind2=" ">
    <subfield code="a">P15</subfield>
  </datafield>
  <datafield tag="630" ind1="0" ind2="4">
    <subfield code="a">Biblia</subfield>
    <subfield code="p">N.T.</subfield>
    <subfield code="p">Apocalipsis</subfield>
    <subfield code="x">Comentarios</subfield>
    <subfield code="v">Tesis.</subfield>
  </datafield>
  <datafield tag="650" ind1="1" ind2="4">
    <subfield code="a">Anticristo</subfield>
    <subfield code="v">Tesis.</subfield>
  </datafield>
  <datafield tag="650" ind1="1" ind2="4">
    <subfield code="a">Babilonia</subfield>
    <subfield code="v">Tesis.</subfield>
  </datafield>
  <datafield tag="596" ind1=" " ind2=" ">
    <subfield code="a">1</subfield>
  </datafield>
  <datafield tag="942" ind1=" " ind2=" ">
    <subfield code="2">ddc</subfield>
    <subfield code="c">TESIS</subfield>
  </datafield>
  <datafield tag="999" ind1=" " ind2=" ">
    <subfield code="a">TT 4 J54 2014</subfield>
    <subfield code="w">ALPHANUM</subfield>
    <subfield code="c">7876</subfield>
    <subfield code="i">T01858</subfield>
    <subfield code="d">7876</subfield>
    <subfield code="l">CCODEBUL3</subfield>
    <subfield code="m">BUL</subfield>
    <subfield code="q">2</subfield>
    <subfield code="r">1</subfield>
    <subfield code="s">Y</subfield>
    <subfield code="t">TESIS</subfield>
    <subfield code="u">2015-11-23</subfield>
    <subfield code="x">TEOLOGIA</subfield>
    <subfield code="P">P94</subfield>
    <subfield code="o">.STAFF. Tesis</subfield>
  </datafield>
  <datafield tag="980" ind1=" " ind2=" ">
    <subfield code="8">1</subfield>
    <subfield code="g">ALBERTO SANCHEZ Responsable de Automatizaci&#xF3;n</subfield>
  </datafield>
  <datafield tag="952" ind1=" " ind2=" ">
    <subfield code="r">2018-09-28 00:00:00</subfield>
    <subfield code="l">0</subfield>
    <subfield code="o">TT 4 J54 2014</subfield>
    <subfield code="p">T01858</subfield>
    <subfield code="t">e1</subfield>
    <subfield code="w">2015-11-23</subfield>
    <subfield code="x">PG</subfield>
    <subfield code="y">TESIS</subfield>
    <subfield code="z">Este &#xCD;tem NO se presta por ser Ejemplar #1.</subfield>
    <subfield code="1">0</subfield>
    <subfield code="2">ddc</subfield>
    <subfield code="7">1</subfield>
    <subfield code="8">TESIS</subfield>
    <subfield code="f">P94</subfield>
    <subfield code="a">BUL</subfield>
    <subfield code="b">BUL</subfield>
    <subfield code="c">TESIS</subfield>
    <subfield code="d">2015-11-23</subfield>
  </datafield>
</record>
